Vũ Ngọc Phan toàn tập Trọn bộ 5 tập

Gespeichert in:
Bibliographische Detailangaben
1. Verfasser: Vũ Ngọc Phan
Format: Buch
Tags: Tag hinzufügen
Keine Tags, Fügen Sie den ersten Tag hinzu!
Thư viện lưu trữ: Mạng thư viện Đại học Đà Nẵng
LEADER 01366nam a2200253 4500
001 000005732
003 1880
005 20150812140822.0
008 110822s sd
100 0 |a Vũ Ngọc Phan 
245 0 0 |a Vũ Ngọc Phan toàn tập  |b Trọn bộ 5 tập  |c Vũ Ngọc Phan 
774 |a Vũ Ngọc Phan  |d Văn học  |d H.  |d 2010  |g Tập 1  |h 794 tr : chân dung  |n Nhà xuất bản Văn học và gia đình giữ bản quyền tác giả  |w 1883 
774 |a Vũ Ngọc Phan  |d 2010  |d H.  |d Văn học  |g Tập 2  |h 1011 tr :  |n Nhà xuất bản Văn học và gia đình giữ bản quyền tác giả  |t Văn học hiện đại: Quyển nhất, Q. hai, Q. ba, Q. tư ( Tập thượng ), Q. tư ( Tập hạ )  |w 1884 
774 |a Vũ Ngọc Phan  |d Văn học  |d H.  |d 2010  |g Tập 3  |h 1027 tr :  |n Nhà xuất bản Văn học và gia đình giữ bản quyền tác giả  |w 1887 
774 |d H.  |d Văn học  |d 2011  |g Tập 4  |h 855 tr  |n Nhà xuất bản Văn học và gia đình giữ bản quyền tác giả  |w 12478 
774 |d H.  |d Văn học  |d 2011  |g Tập 5  |h 923 tr  |n Nhà xuất bản Văn học và gia đình giữ bản quyền tác giả  |w 12480 
OWN |a LSP 
999 |a From the UDN01 
TYP |a Monograph 
TYP |a Printed language 
980 |a Mạng thư viện Đại học Đà Nẵng